000 01206nam0a2200325 4500
001 RU\NLR\bibl\1967089
005 20260405233351.0
010 _a978-5-222-20103-9
_92500
021 _aRU
_b2012-82197
_96083
035 _a(NLR Aleph) 001955994
090 _a3760155
_c3760154
100 _a20121115d2013 |||y0rusy50 ca
101 0 _arus
102 _aRU
105 _ay |||||||||
200 1 _aМеню на каждый день для диабетиков
_fС. Димова
210 _aРостов-на-Дону
_cФеникс
_d2013
_d[т. е. 2012]
215 _a375, [1] с.
_d21
225 1 _aБудь здоров!
300 _aКн. фактически изд. в 2012 г.
606 1 _aСахарный диабет
_xЛечебное питание
_91441331
_3RU\NLR\auth\66299442
606 1 _aДиабетические блюда
_xРецептура
_92348030
_3RU\NLR\auth\661403011
686 _aР415.160.23-51
686 _aЛ996.5
700 1 _4070
_8rus
_7ca
_aДимова
_bС. А.
_gСветлана Александровна
_3RU\NLR\auth\77107086
_990011
801 0 _aRU
_bNLR
_c20121115
_gRCR
801 1 _aRU
_bNLR
_c20121115
942 _cBOOK
980 _aNB